Some Nights by Fun Lyrics - Statistics

General Stats
  • This quiz has been taken 1,345 times
  • The average score is 25 of 48
Answer Stats
Hint Answer % Correct
Some nights I stay up cashing in my bad luck
89%
Some nights I wish that my lips could build a castle
88%
What do I stand for
87%
Some nights I call it a draw
86%
Most nights, I don't know, anymore
85%
What do i stand for
83%
Oh Lord, I'm still not sure what i stand for
79%
What are we waiting for
75%
oh oh
74%
This is war
74%
This is it boys
71%
Some nights I wish they'd fall off
71%
save that for the black and white
66%
But I still wake up, I still see your ghost
66%
And that's alright
64%
Who I am, who I am
62%
Why don't we break the rules already
62%
When I look into my nephew's eyes
59%
Cause I could use some friends for a change
59%
But here they come again to jack my style
53%
My heart is breaking for my sister
53%
Man, you wouldn't believe the most amazing things that can come from
52%
And some nights I'm scared you'll forget me again
52%
Some nights I always win, i always win
50%
She stops my bones from wondering just who i am
50%
Washed my hands of God for this
48%
Well, some nights I wish that this all would end
47%
And the the con that she call love
47%
I was never one to belive the hype
47%
Some terrible lies
46%
I miss my mom and dad for this
45%
The other night, you wouldn't belive the dream that I just had about you and me
43%
I found a martyr in my bed tonight
42%
Ten years of this, I'm not sure if anybody understands
42%
no, when i see stars that's all they are
41%
I sold my soul for this
41%
Who wants to die alone all dried up in the desert sun
40%
Sorry to leave mom, I had to go
40%
So this is it
38%
It's for the best you didn't listen
33%
This is one for the folks at home
32%
I called you up, but we'd both agree
27%
Well, this is it guys, that is all, five minutes in and I'm bored again
27%
I try twice as hard and I'm half as liked
24%
It's for the best you didn't listen
22%
It's for the best we get our distance
21%
When I hear songs they sound like this one
21%
It's for the best we get our distance
19%
No matching quizzes found
Score Distribution
Percent of People with Each Score
Percentile by Number Answered
Your Score History
You have not taken this quiz